000 00368 a2200109 4500
001 ART_6341
005 20260410161619.0
008 260409a
245 1 0 _aAlgunas de las características deseables de las normas internacionales de información financiera
100 1 _aCanetti, Miguel Marcelo
773 0 _tEnfoques
_g- Nº 12 (dic. 2008)
_wREV416
999 _c11380
_d11380